[Event "FIDE Chesscom Grand Swiss 2021"]
[Site "Riga"]
[Date "2021.10.31"]
[Round "5.35"]
[White "Gelfand, Boris"]
[Black "Zvjaginsev, Vadim"]
[Result "1/2-1/2"]
[WhiteElo "2680"]
[BlackElo "2609"]
[Annotator "TA"]
[PlyCount "67"]
[EventDate "2021.10.27"]
[EventType "swiss"]
[EventCountry "LAT"]
[Tiebreak "Cut1 Buchholz+Sonneborn-Berger (Swiss)"]
[SourceTitle "playchess.com"]
[Source "ChessBase"]
[SourceQuality "1"]

{[%evp 15,67,33,34,43,75,65,58,56,102,113,128,86,82,76,76,61,96,104,106,72,77,
108,112,91,88,94,101,89,93,76,81,87,84,50,41,40,97,103,106,93,78,76,86,80,86,
86,94,43,32,0,0,0,0,0]} 1. d4 Nf6 2. c4 c5 3. d5 d6 4. Nc3 g6 5. e4 Bg7 6. Be2
O-O 7. Nf3 e6 8. O-O Re8 9. h3 {E91: King's Indian: Classical: 6 Be2, unusual
replies including 6...c5 and 6...Bg4.} h6 10. Bf4 exd5 11. exd5 {[#] White is
slightly better.} g5 $146 ({Predecessor:} 11... Ne4 12. Nxe4 Rxe4 13. Qd2 Qf6
14. Be3 Qxb2 15. Qxb2 Bxb2 16. Rae1 Bg7 17. Bd3 Re8 18. Bf4 {1-0 (49) Gaspar,A
(2180)-Bernardez Duran,T Mondariz 1996}) 12. Bh2 Na6 13. Nb5 Bf8 14. Re1 Nc7
15. Nc3 Bf5 16. Bd3 Qd7 17. Qc2 Bxd3 18. Qxd3 Rxe1+ 19. Nxe1 Rb8 20. Nc2 b5 {
Black wants to play ...bxc4.} 21. Ne3 bxc4 22. Nxc4 Nb5 23. Nxb5 Qxb5 24. Rd1
Qa6 25. a3 Nd7 ({Better is} 25... Qb5 $14) 26. h4 Nb6 27. Nxd6 Qxd3 28. Rxd3
Rd8 29. Ne4 f5 30. Nf6+ Kf7 {[#]} 31. hxg5 ({White should play} 31. Bc7 $1 $16
{[%cal Rc7d8]} Ra8 32. Bxb6 axb6 33. Nd7) 31... c4 $14 32. Rd1 {And now Bc7
would win.} Bd6 33. Bxd6 Rxd6 34. f4 {Weighted Error Value: White=0.13/Black=0.
08} (34. gxh6 $2 Kxf6 35. Re1 Rxd5 $19) 1/2-1/2

[Event "FIDE Chesscom Grand Swiss 2021"]
[Site "Riga"]
[Date "2021.10.31"]
[Round "5.36"]
[White "Ivic, Velimir"]
[Black "Cheparinov, Ivan"]
[Result "1-0"]
[WhiteElo "2606"]
[BlackElo "2659"]
[Annotator "TA"]
[PlyCount "83"]
[EventDate "2021.10.27"]
[EventType "swiss"]
[EventCountry "LAT"]
[Tiebreak "Cut1 Buchholz+Sonneborn-Berger (Swiss)"]
[SourceTitle "playchess.com"]
[Source "ChessBase"]
[SourceQuality "1"]

{[%evp 11,83,0,-15,-18,-41,-28,-47,-23,0,0,0,6,0,0,6,8,17,19,9,6,9,0,24,15,26,
19,70,77,79,48,62,52,89,85,85,91,129,143,132,133,162,169,273,179,127,97,97,97,
97,97,98,102,143,142,181,191,279,295,322,337,289,330,531,533,582,584,597,585,
562,570,567,565,541,527]} 1. e4 c5 2. Nf3 d6 3. d4 cxd4 4. Nxd4 Nf6 5. Nc3 a6
6. Rg1 b5 {[%cal Bb7b5,Bb5b4][%mdl 32]} 7. a4 $5 {[%mdl 4] Leaves trodden
paths. B90: Sicilian Najdorf: Unusual White 6th moves, 6 Be3 Ng4 and 6 Be3 e5.}
b4 8. Nd5 {[#]} Nxd5 $146 ({Predecessor:} 8... Nxe4 9. Bc4 e6 10. Qe2 Nc5 11.
c3 Be7 12. Nxe7 Qxe7 13. cxb4 Ncd7 14. Bd2 Ne5 {1-0 (24) Vachier Lagrave,M 
(2784)-Ding,L (2791) chess24.com INT 2021}) 9. exd5 {Black is slightly better.}
Bb7 10. Nf5 Qc7 11. Ne3 Nd7 {[%cal Bb8d7,Bd7f6,Bf6e4,Be4c3][%mdl 32]} 12. a5
Nf6 13. Qd4 Qc5 14. Qxc5 dxc5 15. Bc4 O-O-O 16. b3 g6 17. g4 Ne4 18. Bb2 Bh6 (
18... Rg8 $1 $11) 19. Bxh8 $14 Rxh8 20. Rd1 Bf4 21. h4 Be5 22. f3 Nc3 23. Rd3
h5 24. gxh5 Rxh5 25. Rg5 Rxg5 26. hxg5 Bd4 (26... Bg3+ {keeps fighting.} 27.
Kf1 Kd7) 27. f4 Kd7 28. Ng4 {And now Ne5+ would win.} Nxd5 29. Ne5+ Kc7 30.
Bxd5 ({Reject} 30. Nxf7 $6 Nxf4 31. Rg3 Bc3+ 32. Kf2 Bd4+ 33. Ke1 Bc3+ 34. Kd1
e5 $11) 30... Bxd5 $16 {[%mdl 4096] Endgame KRN-KB} 31. Rh3 $1 Kd6 {[#]} 32.
Rh8 $1 Ke6 33. Rc8 f6 (33... Be3 $142 34. Nd3 Kd7 35. Rxc5 Be6) 34. Nxg6 $18
fxg5 35. fxg5 Be4 {[#]} 36. Nf8+ Kf5 $2 (36... Kd6 37. Rd8+ Kc6) 37. Kd2 {
White is clearly winning.} Bd5 38. Nd7 Be6 39. Rc7 c4 40. bxc4 Kxg5 41. Nb8
Bc3+ 42. Kc1 {Weighted Error Value: White=0.06/Black=0.25} 1-0

[Event "FIDE Chesscom Grand Swiss 2021"]
[Site "Riga"]
[Date "2021.10.31"]
[Round "5.37"]
[White "Jumabayev, Rinat"]
[Black "Onyshchuk, Volodymyr"]
[Result "0-1"]
[WhiteElo "2658"]
[BlackElo "2622"]
[Annotator "TA"]
[PlyCount "92"]
[EventDate "2021.10.27"]
[EventType "swiss"]
[EventCountry "LAT"]
[Tiebreak "Cut1 Buchholz+Sonneborn-Berger (Swiss)"]
[SourceTitle "playchess.com"]
[Source "ChessBase"]
[SourceQuality "1"]

{[%evp 10,92,53,34,90,65,87,85,115,120,103,108,123,70,77,79,99,75,57,61,61,62,
70,71,77,89,122,122,110,117,111,110,119,95,118,108,173,176,215,142,176,123,121,
133,131,-114,-104,-170,-84,-241,-233,-227,-233,-238,-228,-231,-225,-216,-208,
-766,-76,-2171,-1807,-5097,-5106,-5061,-5081,-5065,-5061,-29977,-29978,-29978,
-29974,-29977,-29978,-29978,-29979,-29979,-29980,-29987,-29988,-29988,-29989,
-29997,-29998]} 1. e4 d6 2. d4 g6 3. Nc3 Bg7 4. Be3 c6 5. Qd2 Nd7 6. Nf3 h6 {
B06: Modern Defence.} (6... Ngf6 $14) 7. h3 a6 8. a4 {[%cal Ba2a4,Ba4a5][%mdl
32] [#]} e6 $146 {White is better.} ({Predecessor:} 8... b6 9. Ne2 Ngf6 10. Ng3
h5 11. Bd3 Qc7 12. c3 Bb7 13. Nh4 Nh7 14. O-O Bf6 {1-0 (54) Todorov,T (2499)
-De Santis,A (2321) Senigallia 2007}) 9. a5 Ne7 10. Bd3 g5 11. h4 (11. O-O $16)
11... g4 $14 12. Nh2 h5 13. Nf1 c5 14. dxc5 dxc5 15. f4 gxf3 16. gxf3 Nc6 17.
f4 Nd4 18. Qg2 Nf6 19. e5 (19. Qxg7 $6 Rg8 $11) 19... Ng4 20. Ne4 Bf8 21. Bxd4
cxd4 22. Nfg3 {Nxh5! is the strong threat.} f5 (22... Bb4+ $16 23. Ke2 Ne3) 23.
exf6 $1 $18 Qd5 24. Rg1 e5 25. f5 (25. Ng5 $18 Bb4+ 26. c3 Qxg2 27. Rxg2 dxc3
28. O-O-O) 25... Ne3 $16 26. Qf3 Bd7 27. Nxh5 $2 (27. Ng5 $1 $16) 27... O-O-O
$1 $17 28. Rg5 {[#]} (28. Kf2 $17) 28... Bh6 (28... Kb8 $1 $19 {and Black
stays clearly on top.} 29. Nd2 Qf7) 29. f7 $2 (29. Ng7 $17 {keeps fighting.})
29... Bxg5 $19 30. hxg5 {Hoping for Nhf6.} Bxf5 {And now ...Bg4 would win.} 31.
Nd6+ Qxd6 32. Bxf5+ Kb8 33. g6 Qb4+ 34. Ke2 $2 (34. Kf2 Qd2+ 35. Qe2 Qxe2+ 36.
Kxe2 Nxf5 37. Nf6) 34... Qxb2 $2 (34... Nxf5 $19 35. Qxf5 d3+ 36. Kf3 {[#]}
Rxh5 $1 {[%mdl 576] Remove Defender, Deflection} 37. Qxh5 Qf4+ 38. Kg2 dxc2)
35. Re1 $2 {[%mdl 8192]} (35. Rd1 $17) 35... Nxf5 36. Qxf5 d3+ $1 {[%mdl 64]
Double Attack} 37. Kf3 dxc2 38. g7 Qc3+ 39. Kg4 Qxe1 {Black mates.} (39... Rd4+
40. Kg5 $11) 40. gxh8=Q Qd1+ (40... Rxh8 41. f8=Q+ Rxf8 42. Qxf8+ Kc7 43. Qc5+
Kb8 44. Qxc2 $11) 41. Kh3 Qh1+ ({Worse is} 41... Rxh8 42. Qxe5+ Ka7 43. Qc5+
Kb8 44. Qe5+ Ka7 45. Qc5+ Kb8 46. Qe5+ $11) 42. Kg4 Qg1+ ({And not} 42... Rxh8
43. Qxe5+ Ka7 44. Qc5+ (44. Qd4+ b6 $11) 44... b6 45. axb6+ Ka8 46. f8=Q+ $14)
43. Kh3 Rxh8 44. Qxe5+ Ka7 45. Qxh8 c1=Q 46. f8=Q Qce3+ {Weighted Error Value:
White=0.72/Black=0.23} 0-1

[Event "FIDE Chesscom Grand Swiss 2021"]
[Site "Riga"]
[Date "2021.10.31"]
[Round "5.38"]
[White "Sadhwani, Raunak"]
[Black "Rakhmanov, Aleksandr"]
[Result "1-0"]
[WhiteElo "2609"]
[BlackElo "2657"]
[Annotator "TA"]
[PlyCount "91"]
[EventDate "2021.10.27"]
[EventType "swiss"]
[EventCountry "LAT"]
[Tiebreak "Cut1 Buchholz+Sonneborn-Berger (Swiss)"]
[SourceTitle "playchess.com"]
[Source "ChessBase"]
[SourceQuality "1"]

{[%evp 16,91,54,48,56,51,55,62,72,59,75,59,69,61,77,37,63,60,58,27,25,29,29,24,
17,22,36,44,53,40,64,53,59,27,29,29,27,10,0,0,0,0,0,7,47,47,69,0,98,104,120,
120,148,140,138,131,131,125,311,272,299,272,252,241,272,270,327,356,601,555,
897,888,823,819,687,696,633,606]} 1. Nf3 Nf6 2. c4 g6 3. Nc3 Bg7 4. e4 O-O 5.
d4 c6 6. Be2 d5 7. e5 Ne4 {7...Ne8 is more advanced technology.} 8. O-O Nxc3 9.
bxc3 dxc4 {E70: King's Indian: Miscellaneous lines with 4 e4, including 5 Nge2
and 5 Bd3 0-0 6 Nge2.} 10. Bxc4 c5 11. dxc5 $5 {[%mdl 4] An interesting side
line.} Qxd1 {White is slightly better.} 12. Rxd1 Nc6 {[#]} 13. Bd5 $146 ({
Predecessor:} 13. Rb1 Bxe5 14. Nxe5 Nxe5 15. Be2 Nc6 16. Bg5 Kg7 17. Bf3 f6 18.
Bf4 Rd8 19. Bd5 {0-1 (57) Laznicka,V (2674)-Rakhmanov,A (2591) Dubai 2013})
13... Rd8 14. Bf4 Bf5 15. Rd2 h6 16. Rad1 g5 17. Bg3 (17. Bxc6 {feels hotter.}
Rxd2 18. Bxd2 bxc6 19. Nd4 Be4 20. f4) 17... e6 18. Bxc6 Rxd2 19. Nxd2 bxc6 20.
Nc4 Rb8 21. f3 Bf8 22. Bf2 $1 Bc2 23. Rc1 Ba4 24. g4 Rb5 25. Nd6 Rb2 26. h4 Bc2
27. hxg5 Rxa2 28. Be3 hxg5 29. Bxg5 Bh7 30. Rd1 a5 31. Bf6 ({Better is} 31. Nb7
$1 $14 Rb2 32. Nxa5 Bxc5+ 33. Kh1) 31... Rb2 (31... Bc2 $1 $11 {keeps the
balance.} 32. Rd2 Bb3) 32. Rd4 $16 Bc2 {[#]} 33. Nc4 $1 {[%csl LRa5,LRb2]
Strongly threatening Rd8.} Rb8 {[#]} 34. Rd2 $1 {[%cal Rd2c2]} ({Inferior is} 
34. Nxa5 Bxc5 35. Nxc6 Rb3 $17) 34... Bxc5+ 35. Kg2 Bg6 {next ...a4 is good
for Black.} 36. Nxa5 Rc8 $2 {This move loses the game for Black.} (36... Be3
$16 37. Ra2 (37. Nxc6 Bxd2 38. Nxb8 Bxc3 $14) 37... Bb1) 37. Rd6 Bc2 38. Nb7 ({
Less strong is} 38. Rxc6 Rxc6 39. Nxc6 Kf8 $16) 38... Be3 39. Kg3 c5 40. Rd7
Ra8 41. Nd8 Ra1 $2 (41... Ba4 42. Rc7 Be8) 42. Rxf7 {White is clearly winning.}
Bb3 43. Rg7+ Kf8 44. Rh7 {[%cal Rh7h8]} Ke8 45. Nb7 {White wants to mate with
Nd6+.} Rg1+ 46. Kh2 {Weighted Error Value: White=0.09/Black=0.27} 1-0

[Event "FIDE Chesscom Grand Swiss 2021"]
[Site "Riga"]
[Date "2021.10.31"]
[Round "5.39"]
[White "Cori, Jorge"]
[Black "Sethuraman, S.P.."]
[Result "1/2-1/2"]
[WhiteElo "2655"]
[BlackElo "2620"]
[Annotator "TA"]
[PlyCount "76"]
[EventDate "2021.10.27"]
[EventType "swiss"]
[EventCountry "LAT"]
[Tiebreak "Cut1 Buchholz+Sonneborn-Berger (Swiss)"]
[SourceTitle "playchess.com"]
[Source "ChessBase"]
[SourceQuality "1"]

{[%evp 13,76,0,0,-16,-15,-19,-20,-20,-21,-38,-25,-29,12,-1,0,-12,-8,-20,0,-22,
-24,-25,-24,-14,-15,-43,-50,-47,-53,-54,-51,-56,-58,-57,-52,-52,-45,-53,-41,
-63,-58,-65,-50,-56,-48,-80,-70,-61,-46,-129,-121,-129,-114,-129,-129,-128,
-114,-130,-130,-146,-142,-153,-103,-127,-118]} 1. d4 d5 2. c4 e6 3. Nf3 Nf6 4.
Nc3 Bb4 5. e3 O-O 6. Bd2 b6 7. cxd5 exd5 8. a3 {E51: Nimzo-Indian: Rubinstein:
4...0-0 5 Nf3 d5.} Bd6 9. Nb5 Be7 10. Rc1 {[#] The position is equal.} c5 $146
({Predecessor:} 10... c6 11. Nc3 Bb7 12. Ne5 c5 13. Bd3 Nc6 14. Nxc6 Bxc6 15.
O-O c4 16. Bb1 b5 {1/2-1/2 (46) Gareyev,T (2606)-Alekseev,E (2626) Chess.com
INT 2020}) 11. Be2 Bb7 12. O-O Ne4 (12... a6 $5 13. Nc3 $8 Nbd7 $11) 13. dxc5
bxc5 14. Qc2 Nd7 {[%cal Bb8d7,Bd7f6,Bf6e4][%mdl 32]} 15. Rfd1 Nxd2 16. Rxd2 Nf6
17. Nc3 Qb6 18. Na4 {[%mdl 64] [#] Double Attack} Qa5 19. Nxc5 Qxc5 20. Qxc5
Bxc5 21. Rxc5 {Black must now prevent Rc7.} Ne4 $1 {[%csl LRc5,LRd2][%mdl 64]
Double Attack} 22. Rcc2 Nxd2 23. Rxd2 Rac8 24. Nd4 Rc1+ 25. Bd1 g6 26. h4 h5
27. Kh2 Rd8 28. Kg3 Kg7 29. a4 Kf6 30. b4 Rdc8 31. a5 (31. b5 $15) 31... Rb1
$17 32. b5 {[#]} a6 $1 33. Be2 axb5 34. Bxb5 Ra1 35. Rb2 Rxa5 36. Be2 {Rb6+ is
the strong threat.} Rc7 37. Kf4 Kg7 38. g4 hxg4 {Weighted Error Value: White=0.
09/Black=0.06} 1/2-1/2

[Event "FIDE Chesscom Grand Swiss 2021"]
[Site "Riga"]
[Date "2021.10.31"]
[Round "5.40"]
[White "Niemann, Hans Moke"]
[Black "Ter-Sahakyan, Samvel"]
[Result "1/2-1/2"]
[WhiteElo "2638"]
[BlackElo "2607"]
[Annotator "TA"]
[PlyCount "96"]
[EventDate "2021.10.27"]
[EventType "swiss"]
[EventCountry "LAT"]
[Tiebreak "Cut1 Buchholz+Sonneborn-Berger (Swiss)"]
[SourceTitle "playchess.com"]
[Source "ChessBase"]
[SourceQuality "1"]

{[%evp 12,96,11,4,9,3,13,16,9,21,0,12,28,0,0,0,44,33,31,42,42,37,36,31,35,20,
16,0,0,0,0,0,0,0,0,0,0,0,0,0,1,0,0,0,0,0,0,0,0,0,0,0,0,0,13,0,9,-107,-103,-103,
-83,-93,-58,-54,0,0,0,0,0,-6,-3,-2,0,0,0,0,0,0,0,0,0,0,0,0,0,0,0]} 1. d4 Nf6 2.
c4 e6 3. Nc3 Bb4 4. Qc2 d5 5. a3 Bxc3+ 6. Qxc3 O-O 7. Nf3 b6 {E36:
Nimzo-Indian: Classical: 4...d5 5 a3.} 8. Bg5 Nbd7 9. cxd5 exd5 10. Qc6 Ba6 11.
Rc1 {[#]} Re8 $146 ({Predecessor:} 11... Rc8 12. Bxf6 Nxf6 13. Qa4 Bc4 14. Nd2
c6 15. e3 Bxf1 16. Nxf1 c5 17. Rd1 cxd4 18. Qxd4 {1/2-1/2 (42) Purnama,T (2379)
-Oliveira,J (2256) Shenzhen 2011}) 12. Bxf6 Nxf6 13. Ne5 h5 14. g3 ({Don't play
} 14. Qxc7 Qxc7 15. Rxc7 Rac8 $15) 14... Ng4 15. Nxg4 hxg4 16. e3 Bxf1 17. Kxf1
Rc8 18. h3 Re6 19. Qb7 Rh6 20. Kg2 gxh3+ 21. Rxh3 Rxh3 22. Kxh3 $11 {[%mdl
4096] Endgame KQR-KQR} c5 $1 23. dxc5 Rc7 24. Qa6 bxc5 25. Qb5 Qc8+ 26. Kg2 a6
27. Qa5 Rc6 28. Rh1 Qa8 29. Rh5 d4 30. e4 Qe8 31. f3 Qb8 $36 {[%mdl 2048]
Black has some pressure.} 32. b3 Qc7 (32... g6 {looks sharper.} 33. Rxc5 Rxc5
34. Qxc5 Qxb3 35. e5 Qb2+) 33. Qa4 Qb6 34. Rd5 {[#]} (34. Qc4 $11 {remains
equal.}) 34... c4 $1 $17 {[%cal Rc4b3]} 35. bxc4 Qb2+ 36. Kh3 Rh6+ 37. Kg4 Rg6+
(37... Qh2 {feels hotter.} 38. Qa5 f6 39. Kf4 Rg6 40. Qe1 Qh6+) 38. Rg5 {
The position is equal.} Rxg5+ 39. Kxg5 $11 {KQ-KQ} d3 40. Kg4 Qe5 41. c5 $1 ({
Not} 41. Qxa6 $2 Qe6+ 42. Qxe6 fxe6 $19) 41... d2 42. Qd1 Qe6+ 43. Kf4 Qh6+ 44.
Kg4 $1 Qe3 {Threatens to win with ...Qe1.} (44... g6 $5 45. c6 $8 Kg7 $11) 45.
c6 $1 Qe1 46. c7 Qxd1 47. c8=Q+ {[%mdl 64] [#] Double Attack} Kh7 48. Qf5+ {
[%mdl 64] Double Attack} Kg8 {Weighted Error Value: White=0.07/Black=0.04}
1/2-1/2

[Event "FIDE Chesscom Grand Swiss 2021"]
[Site "Riga"]
[Date "2021.10.31"]
[Round "5.41"]
[White "Erigaisi Arjun"]
[Black "Goryachkina, Aleksandra"]
[Result "1-0"]
[WhiteElo "2634"]
[BlackElo "2602"]
[Annotator "TA"]
[PlyCount "133"]
[EventDate "2021.10.27"]
[EventType "swiss"]
[EventCountry "LAT"]
[Tiebreak "Cut1 Buchholz+Sonneborn-Berger (Swiss)"]
[SourceTitle "playchess.com"]
[Source "ChessBase"]
[SourceQuality "1"]

{[%evp 9,133,0,9,6,16,12,32,22,20,9,29,35,38,27,20,33,28,0,0,-2,0,0,10,-46,-31,
-20,17,26,20,0,133,128,144,145,115,122,264,80,73,94,210,193,188,155,168,163,
179,158,141,68,62,68,45,65,47,47,54,43,51,36,52,-66,60,60,60,60,60,62,62,62,89,
85,70,14,43,14,14,0,13,0,160,160,253,69,90,0,228,228,228,228,228,228,228,228,
409,409,409,409,409,409,409,409,1203,681,12795,592,4758,12799,12800,12793,
12793,6940,12804,12797,6079,6164,5097,5097,2034,1879,29989,29988,29988,29989,
29989,29990]} 1. d4 d5 2. c4 c6 3. Nf3 Nf6 4. Qb3 dxc4 5. Qxc4 Bg4 6. Nc3 {
D23: Queen's Gambit Accepted: 3 Nf3 Nf6 sidelines.} Nbd7 7. Bf4 e6 (7... Bf5 {
feels hotter.} 8. e3 e6 9. a3 Nd5 10. Bg3 N7f6) 8. e4 {White is slightly
better.} Bxf3 9. gxf3 Be7 10. O-O-O {[#]} Rc8 $146 ({Predecessor:} 10... O-O
11. Kb1 Nh5 12. Be3 Bg5 13. Rg1 Bf4 14. Rg4 Qf6 15. e5 Qh6 16. Rh4 Qg5 {
1-0 (37) Martinovic,S (2548)-Fruebing,S (2406) Reykjavik 2021}) 11. Kb1 O-O 12.
Rg1 Kh8 13. Bh3 b5 14. Qf1 Qa5 15. Ne2 b4 16. Rg5 (16. Bg5 $11) 16... Qb6 $15
17. Be3 c5 18. d5 $1 $36 {[%mdl 2048] White is more active.} exd5 19. e5 Rcd8
20. exf6 $16 Nxf6 21. Nf4 $1 {[%cal Rf4d5]} d4 22. Bc1 Ne4 {[#]} 23. fxe4 $2 (
23. Nd5 $1 $18 {[%cal Rd5b6][%mdl 512] and the rest is easy.} Rxd5 24. Rxd5
Nc3+ 25. bxc3 bxc3+ 26. Kc2) 23... Bxg5 24. Nd5 Qg6 (24... Qh6 $16 {was called
for.}) 25. Bf5 $18 Qh6 26. Rd3 Bxc1 27. Rh3 (27. Qxc1 $2 Qxc1+ 28. Kxc1 g6 $19)
27... g6 28. Rxh6 Bxh6 {[#]} 29. Bh3 (29. Qh3 $1 $16 Bg7 30. Bd7) 29... f5 $14
30. Bg2 fxe4 31. Bxe4 Rde8 $1 {[%cal Re8e4]} 32. Qg2 c4 33. Kc2 d3+ 34. Kd1 $1
Re5 35. h4 ({White should try} 35. f3 $1 $14) 35... Rxd5 36. Bxd5 c3 37. bxc3
bxc3 38. Bb3 Rc8 {[#] ( -> ...c2+)} 39. Bc2 $1 {[%cal Rc2d3]} dxc2+ 40. Kxc2 {
[%mdl 4096] Endgame KQ-KRB} Bg7 41. Qb7 ({White should play} 41. Qg4 $14 Rd8
42. Kc1) 41... Rd8 $11 {Strongly threatening ...Rd2+.} 42. f4 h5 43. Qxa7 Rd2+
44. Kc1 {aiming for a4.} Rb2 $2 (44... Rh2 $11) 45. a4 $1 $16 Rh2 (45... Re2
$16 {keeps fighting.} 46. a5 Re1+ 47. Kc2 Re2+ 48. Kd1 Rd2+ 49. Kc1 Ra2) 46.
Qa8+ $2 (46. Qg1 $18 Rxh4 47. a5 (47. Qxg6 Rh1+ 48. Kc2 Rh2+ 49. Kd1 Rh1+ 50.
Ke2 Rh2+ 51. Kf3 c2 $11)) 46... Kh7 $14 47. a5 (47. Qf3 $1 $16) 47... Bd4 $2 {
Black is now going downhill.} (47... Rf2 $1 $11) 48. Qf3 $1 $18 {Black must
now prevent f5.} Rf2 {[#]} 49. Qh3 Rxf4 50. a6 Kh6 51. Qg3 {[%mdl 1024] White
has strong compensation.} Rg4 {[#]} (51... Rf2 52. Qg5+ Kg7 53. Qe7+ Rf7) 52.
Qh2 $1 Re4 53. Kc2 Rg4 54. Kd3 Kg7 55. Qc7+ Kh6 (55... Kf6 $142 56. Qd7 Bg1)
56. Qe7 Bg1 57. Kxc3 Bd4+ 58. Kd3 (58. Kc2 $142 Bg1 59. Kd3) 58... Bg1 59. Qf8+
Kh7 60. Qf7+ Kh8 61. Kc3 Rg3+ 62. Kc4 Rg4+ 63. Kd5 Rd4+ 64. Ke5 {a7 would kill
now.} Rg4 65. Qd7 {White mates.} Kg8 66. a7 Bxa7 67. Qxa7 {Weighted Error
Value: White=0.21/Black=0.33} 1-0

[Event "FIDE Chesscom Grand Swiss 2021"]
[Site "Riga"]
[Date "2021.10.31"]
[Round "5.42"]
[White "Adly, Ahmed"]
[Black "Shevchenko, Kirill"]
[Result "0-1"]
[WhiteElo "2602"]
[BlackElo "2632"]
[Annotator "TA"]
[PlyCount "128"]
[EventDate "2021.10.27"]
[EventType "swiss"]
[EventCountry "LAT"]
[Tiebreak "Cut1 Buchholz+Sonneborn-Berger (Swiss)"]
[SourceTitle "playchess.com"]
[Source "ChessBase"]
[SourceQuality "1"]

{[%evp 18,128,26,20,16,14,0,-17,0,0,6,0,0,-18,0,0,0,-29,0,0,0,0,0,0,0,0,0,-55,
-45,-43,-57,-187,-120,-125,-125,-130,-126,-197,-198,-205,-154,-164,-12,-19,-21,
-226,-231,-238,-231,-234,-233,-226,-234,-243,-241,-257,-254,-266,-266,-270,
-270,-277,-286,-296,-294,-292,-254,-254,-254,-254,-254,-308,-260,-308,-308,
-308,-279,-308,-260,-308,-308,-308,-316,-290,-285,-698,-662,-785,-792,-785,
-781,-766,-380,-746,-755,-741,-744,-735,-733,-689,-657,-749,-642,-6079,-5640,
-5189,-5164,-2512,-2520,-4627,-4627,-12812,-1179]} 1. Nf3 Nf6 2. d4 g6 3. c4
Bg7 4. g3 O-O 5. Bg2 d5 6. cxd5 Nxd5 7. O-O Nc6 8. e3 Nb6 9. Nc3 Re8 10. Re1 a5
{D76: Fianchetto Grünfeld: Main Line with 7...Nb6.} 11. h3 a4 {[#]} 12. Nh2
$146 ({Predecessor:} 12. a3 Bd7 13. e4 Na5 14. Bf4 Nb3 15. Rb1 c5 16. dxc5 Nxc5
17. Qe2 Qc8 18. Kh2 {0-1 (42) Dziuba,M (2523)-Salem,A (2834) Chess.com INT 2017
}) 12... Ra5 {The position is equal.} 13. Rb1 $1 Bd7 14. b4 axb3 $1 15. axb3
Bf5 16. b4 Ra8 17. Rb3 Be6 18. Rb1 Bf5 $36 {[%mdl 2048] Black has the
initiative.} 19. b5 Bxb1 20. bxc6 Bf5 21. cxb7 Ra7 22. Ng4 ({White should try} 
22. e4 $11 Bd7 23. e5) 22... Qd7 $15 23. Qb3 Rb8 24. Ne4 (24. Qb4 $15) 24...
Qa4 (24... Bxe4 $19 25. Bxe4 e6) 25. Nc5 Qxb3 26. Nxb3 Nd7 $1 27. Nh2 (27. Bd2
$17 {keeps fighting.} Rbxb7 28. Bxb7 Rxb7 29. Na5) 27... Bc2 $19 28. Nd2 Ra6
29. Bb2 {next Rc1 is good for White.} c5 $2 (29... c6 $19 30. Rc1 Ba4) 30. Rc1
Ba4 31. dxc5 $2 {White is now going downhill.} (31. Nc4 $1 $11) 31... Bxb2 32.
c6 {[#]} Bxc6 33. Rxc6 Rxc6 ({Stronger than} 33... Ra1+ 34. Nhf1 $14) 34. Bxc6
{[#]} Nc5 35. Nc4 Nxb7 36. Nxb2 Na5 37. Bd5 Rxb2 {[%mdl 4096] Endgame KRN-KBN}
38. Nf3 e6 39. Be4 Nb3 {And now ...Nc5 would win.} 40. Ne5 Nc5 41. Bc6 f6 42.
Nd7 Nxd7 43. Bxd7 {KR-KB} Rb6 44. h4 Kf7 45. Kf1 Ke7 46. Ba4 Kd6 47. Bc2 f5 48.
Ke1 Kc5 49. Bd3 Kb4 50. Kd2 Rd6 51. Kc2 $2 (51. Ke2) 51... e5 52. Be2 e4 53.
Bf1 Rd5 54. Be2 Rd7 (54... Kc5 $142 55. Kc3 h6) 55. Bf1 $2 (55. h5) 55... Rd6 {
Black is clearly winning.} 56. Be2 Kc5 57. Kc3 Kc6 58. Bc4 Kd7 59. Bg8 Ke7 60.
Bxh7 Kf6 61. Bg8 Rd1 62. Bc4 Rc1+ 63. Kd4 Rc2 64. g4 Rd2+ {Weighted Error
Value: White=0.63/Black=0.15} (64... fxg4 $142 65. Bb5 Rxf2) 0-1